Egyptian artefacts from the Frits Lugt collection /

محفوظ في:

المؤلف الرئيسي: Stuart, Arnold Jan (مؤلف)

مؤلفون مشاركون: Fondation Custodia., Rijksmuseum van Oudheden te Leiden.

مؤلفون آخرون: Berge-Gerbaud, Mària van.

التنسيق: كتاب

اللغة: English

منشور في: Paris : Fondation Custodia, 2010.

سلاسل: Antiquities from the Frits Lugt Collection.

الموضوعات:

الوسوم: إضافة وسم

لا توجد وسوم, كن أول من يضع وسما على هذه التسجيلة!

رقم الطلب: DT59 .P27 L84 v.1-2

LEADER 01422namaa2200349 4500
001 21829
003 OSt
005 20250618122137.0
008 130303s2010 fr g c 000 0ceng d
020 |a 9789078655114 
020 |a 9789078655121 
040 |c ARCE Library 
050 4 |a DT59 .P27 L84 v.1-2 
100 1 |a Stuart, Arnold Jan,  |e author 
245 1 0 |a Egyptian artefacts from the Frits Lugt collection /   |c by Arnold Jan Stuart ; [co-ordination, Mària van Berge-Gerbaud ; translation, Katinka Zeven ... et al.]. 
264 1 |a Paris :   |b Fondation Custodia,   |c 2010. 
300 |a 2 v. (182, 72 p. ) :   |b ill. (chiefly col.), map ;   |c 26 cm. 
490 0 |a Antiquities from the Frits Lugt Collection. 
500 |a  "Issued in parallel with [an] exhibition ... to be held in the Rijksmuseum van Oudheden (National Museum of Antiquities) in Leiden from 28 April to 19 September 2010."--Introd. 
504 |a Includes bibliographical references (v. 1, p. 161-171) and index. 
505 0 |g volume 1.  |t Text --  |g volume 2.  |t Plates. 
555 |a wafaa.lib 
600 1 0 |a Lugt, Frits,  |d 1884-1970.  
650 0 |a Art  |x Private collections. 
650 0 |a Art, Egyptian  |v Exhibitions. 
651 0 |a  Egypt   |x Antiquities   |v Exhibitions. 
700 1 |a Berge-Gerbaud, Mària van. 
710 2 |a Fondation Custodia. 
710 2 |a Rijksmuseum van Oudheden te Leiden. 
901 |a reviewed 
942 |c BK  |2 lcc 
999 |c 21447  |d 21447